The impact of capital structure choice on financial performance of listed Banks in the Nairobi Securities Exchange /

Kaydedildi:
Detaylı Bibliyografya
Yazar: Mathe, Austine Raymond
Materyal Türü: Kitap
Dil:İngilizce
Baskı/Yayın Bilgisi: Nairobi, Kenya : Daystar University, 2013.
Konular:
Etiketler: Etiketle
Etiket eklenmemiş, İlk siz ekleyin!

MARC

LEADER 00000nam a2200000 4500
001 0000057968
005 20171002023006.0
008 140428s xx 000 0 eng d
040 |d Dmoga 
050 0 |a HG4026  |b .M38 
100 |a Mathe, Austine Raymond. 
245 |a The impact of capital structure choice on financial performance of listed Banks in the Nairobi Securities Exchange /  |c Austine Raymond Mathe. 
260 |a Nairobi, Kenya :  |b Daystar University,  |c 2013. 
300 |a  viii, 77 p ;  |c  cm. 
500 |a A thesis presented to the School of Business and Economics of Daystar University Nairobi, Kenya in partial fulfillment of the requirements for the degree of Master of Business Administration in Finance. 
650 |a Capital investment. 
650 |a Corporations  |x Finance  |x Banks. 
908 |a 140428 
942 |c THES 
952 |0 0  |1 0  |4 0  |6 HG_4026_000000000000000_M38_2013  |7 0  |9 65963  |a DUN  |b DUN  |c AFR  |d 2017-09-28  |g 0.00  |l 0  |o THES HG4026.M38 2013  |p BK96330  |r 2017-09-28 00:00:00  |w 2017-09-28  |x 96330  |y THES 
999 |c 35160  |d 35160